000 00955nam a2200277 i 4500
001 13527
003 ES-MaACL
005 20250822062525.0
007 t|
008 980428s1994 sp ||||1| spa d
020 _a84-89114-00-5
080 _a75 Goya, Francisco de
080 _a726.54(460.27 M.)
100 1 _aRivas Capelo, Mª José.
_997568
245 1 0 _aFrescos de Goya
_b: guía de la ermita de San Antonio de la Florida /
_cMª José Rivas Capelo.
260 _aMadrid :
_bMuseos Municipales,
_cD.L. 1994.
300 _a40 p. :
_bil. col. y n. ;
_c24 cm.
600 1 4 _aGoya, Francisco de,
_d1746-1828
_9240353
610 2 7 _aErmita de San Antonio de la Florida (Madrid)
_93505
710 2 _aMuseo Municipal de Madrid
_95892
710 2 _aMuseos Municipales (Madrid)
_95931
740 0 _aGuía de la ermita de San Antonio de la Florida.
852 _aES-MaACL
_j2152-F-5
_bR.126542
942 _2udc
999 _c13527
_d13527